000 00476nam a2200157 a 4500
001 000028961
005 20200930055237.0
008 110412s2006 dr a 000 0 spa d
040 _aDO-SdBNP
_bspa
_cBNPHU
082 _axxxx
_bP699
245 0 0 _aPlan estratégico 2007-2011.
260 _aSanto Domingo :
_bCentro Cultural Poveda,
_c2006.
300 _a33 :
_bgráf. ;
_c21 cm.
500 _aIncluye referencias bibliográficas y notas al pie de las páginas.
049 _aBNPD
999 _c28453
_d28453